000 00467nam a2200169Ia 4500
005 20260429111914.0
008 260429s9999||||xx |||||||||||||| ||und||
020 _a9789394797550
041 _aEnglish
082 _a370.76
_bGOO
100 _aGood, Carter V.
245 0 _aIntroduction to educational research /
_cCarter V. Good
260 _aHaryana :
_bShubhi Publications,
_c2024.
300 _axii, 414 p.; hb
650 _aEducational research
942 _cTB
999 _c51361
_d51361